Jazyky C a C++ : kompletní průvodce /
Uložené v:
| Hlavný autor: | |
|---|---|
| Médium: | Kniha |
| Jazyk: | Czech |
| Vydané: |
Praha :
Grada,
2011.
|
| Vydanie: | 2., aktualiz. vyd. |
| Edícia: | Knihovna programátora (Grada)
Myslíme v- |
| Témy: | |
| ISBN: |
9788024739175 (brož.) |
| Fyzický popis: |
367 s. ; 21 cm. |
| Tagy: |
Pridať tag
Žiadne tagy, Buďte prvý kto otaguje tento záznam!
|
Titul je dostupný aj v ... 

MARC
| LEADER | 00000nam a2200000 a 4500 | ||
|---|---|---|---|
| 001 | 000374792 | ||
| 005 | 20111111093738.0 | ||
| 008 | 110714s2011 xr g f 001 0 cze d | ||
| 020 | |a 9788024739175 (brož.) | ||
| 040 | |a SVKKK |b slo |c SVKKK |e AACR2 | ||
| 041 | 0 | |a cze | |
| 044 | |a xr |c CZ | ||
| 072 | 7 | |a 004.4/.6 |x Programovanie. Softvér |2 konspekt | |
| 080 | |a 004.438C |2 2001 | ||
| 080 | |a 004.438C++ |2 2001 | ||
| 080 | |a 004.43 |2 2001 | ||
| 080 | |a 004.42 |2 2001 | ||
| 080 | |a (035) |2 2001 | ||
| 100 | 1 | |a Virius, Miroslav, |d 1953- | |
| 245 | 1 | 0 | |a Jazyky C a C++ : |b kompletní průvodce / |c [Miroslav Virius]. |
| 250 | |a 2., aktualiz. vyd. | ||
| 260 | |a Praha : |b Grada, |c 2011. | ||
| 300 | |a 367 s. ; |c 21 cm. | ||
| 490 | 1 | |a Knihovna programátora | |
| 490 | 1 | |a Myslíme v- | |
| 504 | |a Bibliografia: s. 359; register: s. 361-367 | ||
| 650 | 0 | 7 | |a C (programovací jazyk) |2 SVKKKPH |
| 650 | 0 | 7 | |a C++ (programovací jazyk) |2 SVKKKPH |
| 650 | 0 | 7 | |a programovacie jazyky |2 SVKKKPH |
| 650 | 0 | 7 | |a programovanie |a SVKKKPH |
| 655 | 7 | |a príručky |2 SVKKKPH | |
| 830 | 0 | |a Knihovna programátora (Grada) | |
| 830 | 0 | |a Myslíme v- | |
| 910 | |a svkkk | ||
| 919 | |a 978-80-247-3917-5 | ||
| 998 | |a BK | ||
| 090 | |g SCKHL |k Sklad Hlavná 10 prízemie |a III.221121 |j 1030763 |i 2720256081 |s Absenčne | ||